| 000 | 00425nam a22001697a 4500 | ||
|---|---|---|---|
| 008 | 150923b xxu||||| |||| 00| 0 eng d | ||
| 020 | _a0131294911 | ||
| 041 | 0 | _aeng | |
| 080 | _a658 | ||
| 245 |
_aFinancial accounting theory / _cWilliam R. Scott. |
||
| 250 | _a4th ed. | ||
| 260 |
_aToronto: _bPearson; _c2005. |
||
| 300 |
_a427 f.: _bme il.; _c23 cm. |
||
| 650 | 0 | _aKontabilitet | |
| 650 | 0 | _aFinanciar | |
| 942 |
_2udc _cBK |
||
| 999 |
_c1160 _d1160 |
||